Sweet Creature - Harry Styles (All Lyrics) - Statistics

General Stats
  • This quiz has been taken 96 times
  • The average score is 179 of 199
Answer Stats
Answer % Correct
creature
100%
creature,
100%
sweet
100%
I
98%
oh,
98%
but
96%
but,
96%
don't
96%
go
96%
know
96%
know,
96%
when
96%
you
96%
bring
94%
it
94%
it's
94%
me
94%
we
94%
we're
94%
where
94%
going
91%
home
91%
about
89%
hard
89%
in
89%
wherever
89%
hearts
87%
one
87%
two
87%
wrong
87%
and,
85%
and
85%
of
85%
started
85%
young
85%
argue
83%
belong
83%
both
83%
still
83%
talk
83%
out
81%
stubborn
79%
stubborn,
79%
run
77%
had
74%
just
74%
think
74%
always
72%
another
70%
enough
70%
how
70%
speak
70%
the
68%
road
66%
gets
60%
nothing
55%
through
55%
us
55%
garden
51%
running
51%
harder
49%
bothered
40%
No matching quizzes found
Score Distribution
Percent of People with Each Score
Percentile by Number Answered
Your Score History
You have not taken this quiz